[Event "Deltalift Open"]
[Site "Tylosand"]
[Date "2019.05.31"]
[Round "5.1"]
[White "Cramling, Pia"]
[Black "Pantzar, Milton"]
[Result "1-0"]
[BlackElo "2379"]
[WhiteElo "2465"]
[LiveChessVersion "1.4.8"]

1. c4 {[%clk 1:30:58]} c6 {[%clk 1:30:43]} 2. Nf3 {[%clk 1:30:09]} d5
{[%clk 1:30:39]} 3. e3 {[%clk 1:30:22]} Nf6 {[%clk 1:30:52]} 4. Nc3
{[%clk 1:30:26]} g6 {[%clk 1:30:49]} 5. d4 {[%clk 1:29:58]} Bg7 {[%clk 1:31:07]}
6. Be2 {[%clk 1:30:08]} O-O {[%clk 1:31:25]} 7. O-O {[%clk 1:30:23]} Ne4
{[%clk 1:31:12]} 8. Qb3 {[%clk 1:27:48]} b6 {[%clk 1:30:35]} 9. Rd1
{[%clk 1:25:32]} Nxc3 {[%clk 1:10:55]} 10. bxc3 {[%clk 1:24:03]} Ba6
{[%clk 1:10:59]} 11. Bf1 {[%clk 1:18:05]} Bxc4 {[%clk 1:01:17]} 12. Bxc4
{[%clk 1:18:23]} dxc4 {[%clk 1:01:45]} 13. Qxc4 {[%clk 1:18:40]} Qc7
{[%clk 0:59:37]} 14. a4 {[%clk 1:10:56]} Nd7 {[%clk 0:57:06]} 15. e4
{[%clk 1:11:02]} Rac8 {[%clk 0:47:53]} 16. e5 {[%clk 0:57:47]} e6
{[%clk 0:42:05]} 17. Ng5 {[%clk 0:52:03]} c5 {[%clk 0:39:10]} 18. Ba3
{[%clk 0:41:02]} Rfd8 {[%clk 0:35:12]} 19. Ne4 {[%clk 0:34:31]} cxd4
{[%clk 0:32:41]} 20. Qxc7 {[%clk 0:34:54]} Rxc7 {[%clk 0:33:07]} 21. cxd4
{[%clk 0:35:13]} Rc2 {[%clk 0:26:31]} 22. Nd6 {[%clk 0:30:49]} f6
{[%clk 0:20:10]} 23. f4 {[%clk 0:28:06]} g5 {[%clk 0:16:41]} 24. f5
{[%clk 0:26:29]} Nf8 {[%clk 0:13:44]} 25. d5 fxe5 {[%clk 0:06:12]} 26. dxe6
{[%clk 0:23:49]} 1-0

[Event "Deltalift Open"]
[Site "Tylosand"]
[Date "2019.05.31"]
[Round "5.4"]
[White "Jobava, Baadur"]
[Black "Kucuksari, Kaan"]
[Result "1-0"]
[BlackElo "2299"]
[WhiteElo "2596"]
[LiveChessVersion "1.4.8"]

1. d4 {[%clk 1:28:49]} Nf6 {[%clk 1:30:52]} 2. c4 {[%clk 1:29:15]} e6
{[%clk 1:31:15]} 3. Nf3 {[%clk 1:29:37]} b6 {[%clk 1:31:40]} 4. a3
{[%clk 1:30:04]} Bb7 {[%clk 1:31:40]} 5. Nc3 {[%clk 1:30:27]} d5 {[%clk 1:32:04]}
6. cxd5 {[%clk 1:30:51]} Nxd5 {[%clk 1:27:56]} 7. Bd2 {[%clk 1:26:11]} Be7
{[%clk 1:27:23]} 8. Qc2 {[%clk 1:26:14]} O-O {[%clk 1:25:01]} 9. Rd1
{[%clk 1:25:55]} f5 {[%clk 1:19:34]} 10. e3 {[%clk 1:21:54]} Nd7 {[%clk 1:13:08]}
11. Nxd5 {[%clk 1:20:48]} exd5 {[%clk 1:10:01]} 12. Bd3 {[%clk 1:20:13]} g6
{[%clk 1:10:21]} 13. O-O {[%clk 1:19:31]} c5 {[%clk 1:03:27]} 14. dxc5
{[%clk 1:18:24]} bxc5 {[%clk 1:03:43]} 15. Bc3 {[%clk 1:18:29]} Qb6
{[%clk 1:02:31]} 16. Bc4 {[%clk 1:17:25]} Nf6 {[%clk 0:54:25]} 17. Bxf6
{[%clk 1:12:27]} Bxf6 {[%clk 0:54:49]} 18. Bxd5+ {[%clk 1:12:52]} Bxd5
{[%clk 0:55:08]} 19. Rxd5 {[%clk 1:13:17]} Qxb2 {[%clk 0:51:06]} 20. Qxc5
{[%clk 1:13:12]} Rac8 {[%clk 0:45:13]} 21. Qxa7 {[%clk 1:12:30]} Ra8
{[%clk 0:45:06]} 22. Qd7 {[%clk 1:12:53]} Rxa3 {[%clk 0:38:40]} 23. Rb5
{[%clk 1:12:59]} Qa2 {[%clk 0:37:53]} 24. Rb7 {[%clk 1:13:19]} Rf7
{[%clk 0:36:54]} 25. Rb8+ {[%clk 1:13:45]} Kg7 {[%clk 0:36:03]} 26. Qe8
{[%clk 1:14:09]} Kh6 {[%clk 0:33:06]} 27. h3 {[%clk 1:08:20]} Qd5
{[%clk 0:31:15]} 28. Rb5 {[%clk 1:07:53]} Ra8 {[%clk 0:30:34]} 29. Rxd5
{[%clk 1:08:17]} Rxe8 {[%clk 0:30:56]} 30. Rc1 {[%clk 1:06:13]} Kg7
{[%clk 0:26:34]} 31. Rc4 {[%clk 1:06:27]} Rd8 {[%clk 0:21:11]} 32. Rxd8
{[%clk 1:06:51]} Bxd8 {[%clk 0:21:36]} 33. Nd4 {[%clk 1:07:17]} Rd7
{[%clk 0:17:53]} 34. Ne6+ {[%clk 1:06:56]} Kf6 {[%clk 0:18:17]} 35. Rc6
{[%clk 1:07:10]} Rd1+ {[%clk 0:16:11]} 36. Kh2 {[%clk 1:07:36]} Be7
{[%clk 0:15:13]} 37. Nd4+ {[%clk 1:06:53]} Kf7 {[%clk 0:15:37]} 38. Kg3
{[%clk 1:07:06]} Rd2 {[%clk 0:14:58]} 39. Rc2 {[%clk 1:07:00]} Bd6+
{[%clk 0:09:04]} 40. Kf3 {[%clk 1:01:48]} Rd1 {[%clk 0:09:26]} 41. Ra2
{[%clk 1:01:49]} Bc5 {[%clk 0:08:58]} 42. Nb3 {[%clk 1:02:13]} Be7
{[%clk 0:05:26]} 43. g4 {[%clk 1:01:59]} fxg4+ {[%clk 0:03:26]} 44. hxg4
{[%clk 1:02:24]} Rg1 {[%clk 0:30:04]} 45. Ra1 {[%clk 1:30:54]} Rxa1
{[%clk 0:30:25]} 46. Nxa1 {[%clk 1:31:21]} Bh4 {[%clk 0:30:13]} 47. Nc2
{[%clk 1:31:06]} Ke6 {[%clk 0:29:46]} 48. Nd4+ {[%clk 1:31:08]} Kd5
{[%clk 0:29:39]} 49. Ke2 {[%clk 1:31:30]} Bf6 {[%clk 0:29:25]} 50. Nf3
{[%clk 1:31:54]} h5 {[%clk 0:28:45]} 51. gxh5 {[%clk 1:30:42]} gxh5
{[%clk 0:29:09]} 52. Ng1 {[%clk 1:30:52]} Kc4 {[%clk 0:29:06]} 53. Nh3
{[%clk 1:31:12]} Be5 {[%clk 0:29:18]} 54. Kf3 {[%clk 1:31:23]} h4
{[%clk 0:25:54]} 55. Nf4 {[%clk 1:29:14]} Kc3 {[%clk 0:26:10]} 56. Kg4
{[%clk 1:29:34]} Kd2 {[%clk 0:26:22]} 57. Kxh4 {[%clk 1:29:58]} Bf6+
{[%clk 0:26:31]} 58. Kg4 {[%clk 1:30:12]} Ke1 {[%clk 0:26:58]} 59. f3
{[%clk 1:30:30]} Kf2 {[%clk 0:27:16]} 60. e4 {[%clk 1:30:53]} Bh8
{[%clk 0:27:34]} 61. Ng6 1-0

[Event "Deltalift Open"]
[Site "Tylosand"]
[Date "2019.05.31"]
[Round "5.5"]
[White "Ziegler, Ari"]
[Black "Hector, Jonny"]
[Result "0-1"]
[BlackElo "2483"]
[WhiteElo "2305"]
[LiveChessVersion "1.4.8"]

1. c4 {[%clk 1:30:57]} e5 {[%clk 1:30:50]} 2. Nc3 {[%clk 1:31:21]} Bb4
{[%clk 1:31:00]} 3. Nd5 {[%clk 1:31:42]} Be7 {[%clk 1:29:49]} 4. e4
{[%clk 1:27:11]} Nf6 {[%clk 1:27:28]} 5. Nf3 {[%clk 1:26:54]} d6 {[%clk 1:25:08]}
6. d4 {[%clk 1:16:58]} O-O {[%clk 1:16:18]} 7. Nxf6+ {[%clk 1:02:30]} Bxf6
{[%clk 1:16:39]} 8. d5 {[%clk 1:02:55]} c6 {[%clk 1:10:04]} 9. Be2
{[%clk 1:02:19]} Na6 {[%clk 1:07:08]} 10. Be3 {[%clk 0:56:20]} Be7
{[%clk 0:57:32]} 11. O-O {[%clk 0:46:19]} cxd5 {[%clk 0:54:23]} 12. cxd5
{[%clk 0:46:32]} f5 {[%clk 0:54:38]} 13. exf5 {[%clk 0:46:20]} Bxf5
{[%clk 0:54:44]} 14. Qd2 {[%clk 0:44:40]} Nc7 {[%clk 0:50:28]} 15. Rac1
{[%clk 0:42:23]} Kh8 {[%clk 0:47:47]} 16. Rfd1 {[%clk 0:31:58]} Bf6
{[%clk 0:32:38]} 17. Qb4 {[%clk 0:19:06]} b6 {[%clk 0:32:16]} 18. g4
{[%clk 0:16:21]} e4 {[%clk 0:26:52]} 19. gxf5 {[%clk 0:16:08]} exf3
{[%clk 0:27:13]} 20. Bxf3 {[%clk 0:16:16]} Na6 {[%clk 0:25:37]} 21. Qg4
{[%clk 0:11:03]} Nc5 {[%clk 0:23:06]} 22. Qh3 {[%clk 0:10:10]} Bg5
{[%clk 0:18:59]} 23. Kh1 {[%clk 0:07:28]} Bxe3 {[%clk 0:18:02]} 24. fxe3
{[%clk 0:07:48]} a5 {[%clk 0:14:40]} 25. Rc4 {[%clk 0:05:12]} Qf6
{[%clk 0:11:03]} 26. Rf4 {[%clk 0:05:35]} Rae8 {[%clk 0:06:27]} 27. e4
{[%clk 0:05:49]} Re7 {[%clk 0:05:15]} 28. Rd2 {[%clk 0:03:23]} g5
{[%clk 0:03:13]} 29. Rg4 {[%clk 0:03:02]} Nd7 {[%clk 0:02:58]} 30. Rg1
{[%clk 0:02:38]} Ne5 {[%clk 0:02:56]} 31. Bh5 {[%clk 0:02:45]} Rg7
{[%clk 0:01:44]} 32. Rdg2 {[%clk 0:02:35]} Qh6 {[%clk 0:01:21]} 33. Rg3
{[%clk 0:01:59]} Rfg8 {[%clk 0:01:31]} 34. Be2 {[%clk 0:01:38]} Qf6
{[%clk 0:01:53]} 35. Qh5 {[%clk 0:01:43]} Nf7 {[%clk 0:01:08]} 36. b3
{[%clk 0:01:14]} Qe5 {[%clk 0:00:43]} 37. Qf3 {[%clk 0:01:23]} Qf6
{[%clk 0:01:00]} 38. Qc3 {[%clk 0:01:23]} Ne5 {[%clk 0:01:12]} 39. Qd4
{[%clk 0:01:34]} Rc7 {[%clk 0:00:45]} 40. Qxb6 {[%clk 0:01:29]} Rc2
{[%clk 0:00:50]} 41. Qe3 {[%clk 0:00:55]} Rxa2 {[%clk 0:29:12]} 42. Bh5
{[%clk 0:24:56]} h6 {[%clk 0:25:10]} 43. Rh3 {[%clk 0:20:31]} Rd8
{[%clk 0:16:16]} 44. Qa7 {[%clk 0:14:14]} Rd7 {[%clk 0:16:01]} 45. Qb8+
{[%clk 0:14:29]} Kg7 {[%clk 0:14:39]} 46. Qb5 {[%clk 0:09:47]} Rc7
{[%clk 0:13:57]} 47. Qb6 {[%clk 0:09:03]} Re7 {[%clk 0:11:39]} 48. Qd8
{[%clk 0:07:16]} Rd7 {[%clk 0:03:45]} 49. Qc8 {[%clk 0:06:01]} Qd8
{[%clk 0:04:12]} 50. Qc3 {[%clk 0:05:39]} Rc7 {[%clk 0:03:35]} 51. f6+
{[%clk 0:03:09]} Kh8 {[%clk 0:03:29]} 52. Qd4 {[%clk 0:03:11]} Qxf6
{[%clk 0:03:50]} 53. Bd1 {[%clk 0:02:38]} Kg7 {[%clk 0:03:39]} 54. Qe3
{[%clk 0:02:14]} Rf7 {[%clk 0:03:08]} 55. Bh5 {[%clk 0:02:06]} Rc7
{[%clk 0:02:47]} 56. Bd1 {[%clk 0:02:10]} Ng6 {[%clk 0:02:39]} 57. Qb6
{[%clk 0:01:35]} Re7 {[%clk 0:02:31]} 58. Bf3 {[%clk 0:00:49]} Qe5
{[%clk 0:02:02]} 59. Qd8 {[%clk 0:00:56]} Rf7 {[%clk 0:02:02]} 60. Bh5
{[%clk 0:00:45]} Qxe4+ 0-1

[Event "Deltalift Open"]
[Site "Tylosand"]
[Date "2019.05.31"]
[Round "5.7"]
[White "Harren, Mats"]
[Black "Lindberg, Bengt"]
[Result "1/2-1/2"]
[BlackElo "2382"]
[WhiteElo "2106"]
[LiveChessVersion "1.4.8"]

1. e4 {[%clk 1:30:57]} c5 {[%clk 1:30:56]} 2. d4 {[%clk 1:31:24]} cxd4
{[%clk 1:31:13]} 3. c3 {[%clk 1:31:53]} Nf6 {[%clk 1:31:32]} 4. e5
{[%clk 1:32:22]} Nd5 {[%clk 1:31:53]} 5. Nf3 {[%clk 1:32:50]} e6 {[%clk 1:32:13]}
6. cxd4 {[%clk 1:31:48]} d6 {[%clk 1:32:36]} 7. Bc4 {[%clk 1:32:08]} Nc6
{[%clk 1:32:20]} 8. Qe2 {[%clk 1:30:31]} dxe5 {[%clk 1:31:58]} 9. dxe5
{[%clk 1:30:55]} a6 {[%clk 0:54:15]} 10. O-O {[%clk 1:25:39]} b5 {[%clk 0:54:39]}
11. Bd3 {[%clk 1:24:07]} Bb7 {[%clk 0:55:03]} 12. Re1 {[%clk 1:12:37]} Be7
{[%clk 0:52:13]} 13. Nc3 {[%clk 1:08:05]} Ncb4 {[%clk 0:48:08]} 14. Be4
{[%clk 1:02:18]} Nxc3 {[%clk 0:48:03]} 15. bxc3 {[%clk 1:02:22]} Nd5
{[%clk 0:47:50]} 16. Bd2 {[%clk 1:01:41]} Qc7 {[%clk 0:43:16]} 17. a4
{[%clk 0:57:04]} bxa4 {[%clk 0:42:50]} 18. Rxa4 {[%clk 0:50:42]} O-O
{[%clk 0:41:38]} 19. Rc4 {[%clk 0:44:46]} Qd7 {[%clk 0:34:08]} 20. Ng5
{[%clk 0:40:29]} h6 {[%clk 0:28:01]} 21. Bh7+ {[%clk 0:40:32]} Kh8
{[%clk 0:25:48]} 22. Bc2 {[%clk 0:40:21]} Rad8 {[%clk 0:17:52]} 23. Ba4
{[%clk 0:38:14]} Nb6 {[%clk 0:09:33]} 24. Bxd7 {[%clk 0:28:47]} Nxc4
{[%clk 0:09:56]} 25. Bc1 {[%clk 0:22:53]} Rxd7 {[%clk 0:03:53]} 26. Nxf7+
{[%clk 0:21:39]} Rxf7 {[%clk 0:04:22]} 27. Qxc4 {[%clk 0:21:59]} Bd5
{[%clk 0:02:45]} 28. Qxa6 {[%clk 0:22:06]} Rc7 {[%clk 0:02:40]} 29. Qd3
{[%clk 0:20:05]} Rf5 {[%clk 0:01:45]} 30. Be3 {[%clk 0:15:20]} Rxe5
{[%clk 0:00:53]} 31. Ra1 {[%clk 0:15:37]} Rf5 {[%clk 0:00:54]} 32. Rb1
{[%clk 0:13:20]} Rc8 {[%clk 0:00:50]} 33. Bd4 {[%clk 0:12:02]} Kg8
{[%clk 0:00:54]} 34. f3 {[%clk 0:08:16]} Bc4 {[%clk 0:01:02]} 35. Qe3
{[%clk 0:07:57]} Bg5 {[%clk 0:01:07]} 36. Qe4 {[%clk 0:07:43]} Bd5
{[%clk 0:01:26]} 37. Qe2 {[%clk 0:07:02]} Rf7 {[%clk 0:01:18]} 38. Be5
{[%clk 0:05:21]} Bf4 {[%clk 0:00:45]} 39. Bxf4 {[%clk 0:04:07]} Rxf4
{[%clk 0:01:13]} 40. Qe3 {[%clk 0:01:14]} Rfc4 {[%clk 0:01:30]} 41. Rc1
{[%clk 0:29:07]} R8c7 {[%clk 0:26:19]} 42. Qd3 {[%clk 0:28:39]} 1/2-1/2

[Event "Deltalift Open"]
[Site "Tylosand"]
[Date "2019.05.31"]
[Round "5.8"]
[White "Holm, Ragnar"]
[Black "Rydstrom, Tom"]
[Result "1/2-1/2"]
[BlackElo "2370"]
[WhiteElo "2124"]
[LiveChessVersion "1.4.8"]

1. d4 {[%clk 1:30:50]} Nf6 {[%clk 1:30:39]} 2. c4 {[%clk 1:30:38]} e6
{[%clk 1:31:03]} 3. Nf3 {[%clk 1:30:25]} d5 {[%clk 1:30:59]} 4. Nc3
{[%clk 1:30:08]} c6 {[%clk 1:31:03]} 5. Bg5 {[%clk 1:29:25]} dxc4
{[%clk 1:30:36]} 6. e4 {[%clk 1:29:07]} b5 {[%clk 1:30:58]} 7. e5
{[%clk 1:29:27]} h6 {[%clk 1:31:19]} 8. Bh4 {[%clk 1:29:35]} g5 {[%clk 1:31:38]}
9. Nxg5 {[%clk 1:29:38]} hxg5 {[%clk 1:32:04]} 10. Bxg5 {[%clk 1:30:01]} Nbd7
{[%clk 1:32:02]} 11. g3 {[%clk 1:29:23]} Bb7 {[%clk 1:31:17]} 12. Bg2
{[%clk 1:23:19]} Rg8 {[%clk 1:27:38]} 13. Bxf6 {[%clk 1:22:57]} Nxf6
{[%clk 1:27:57]} 14. exf6 {[%clk 1:23:21]} Qxf6 {[%clk 1:27:14]} 15. a4
{[%clk 1:13:45]} b4 {[%clk 1:07:59]} 16. Ne4 {[%clk 1:05:01]} Qh8
{[%clk 0:46:40]} 17. Rc1 {[%clk 0:58:03]} O-O-O {[%clk 0:19:58]} 18. Rxc4
{[%clk 0:54:20]} e5 {[%clk 0:17:27]} 19. O-O {[%clk 0:52:27]} exd4
{[%clk 0:15:22]} 20. Qf3 {[%clk 0:46:27]} Qe5 {[%clk 0:11:35]} 21. Nf6
{[%clk 0:28:19]} Rg5 {[%clk 0:10:06]} 22. Rxc6+ {[%clk 0:18:54]} Bxc6
{[%clk 0:10:28]} 23. Qxc6+ {[%clk 0:19:11]} Qc7 {[%clk 0:10:56]} 24. Qa8+
{[%clk 0:18:42]} Qb8 {[%clk 0:11:25]} 25. Qc6+ {[%clk 0:18:03]} Qc7
{[%clk 0:11:54]} 26. Qa8+ {[%clk 0:17:49]} Qb8 {[%clk 0:12:23]} 27. Qc6+
{[%clk 0:17:56]} 1/2-1/2

[Event "Deltalift Open"]
[Site "Tylosand"]
[Date "2019.05.31"]
[Round "5.9"]
[White "Trost, Edvin"]
[Black "Bellon Lopez, Juan Manuel"]
[Result "0-1"]
[BlackElo "2341"]
[WhiteElo "2091"]
[LiveChessVersion "1.4.8"]

1. e4 {[%clk 1:30:58]} c5 {[%clk 1:30:54]} 2. Nf3 {[%clk 1:31:22]} Nc6
{[%clk 1:31:17]} 3. d4 {[%clk 1:31:45]} cxd4 {[%clk 1:31:46]} 4. Nxd4
{[%clk 1:32:08]} Nf6 {[%clk 1:32:14]} 5. Nc3 {[%clk 1:32:28]} e5 {[%clk 1:32:24]}
6. Ndb5 {[%clk 1:32:35]} h6 {[%clk 1:32:45]} 7. Nd6+ {[%clk 1:32:43]} Bxd6
{[%clk 1:32:59]} 8. Qxd6 {[%clk 1:33:03]} Qe7 {[%clk 1:33:28]} 9. Qxe7+
{[%clk 1:32:21]} Kxe7 {[%clk 1:33:50]} 10. Be3 {[%clk 1:30:14]} d6
{[%clk 1:34:12]} 11. Bc4 {[%clk 1:18:57]} Be6 {[%clk 1:31:31]} 12. Bb3
{[%clk 1:18:25]} a6 {[%clk 1:25:39]} 13. f3 {[%clk 1:11:30]} Rac8
{[%clk 1:22:14]} 14. O-O-O {[%clk 1:04:41]} b5 {[%clk 1:19:34]} 15. Kb1
{[%clk 1:03:15]} Na5 16. Nd5+ {[%clk 0:59:39]} Nxd5 {[%clk 1:08:54]} 17. Bxd5
{[%clk 1:00:02]} Bxd5 {[%clk 1:06:56]} 18. Rxd5 {[%clk 0:59:30]} Rc6
{[%clk 1:06:39]} 19. b3 {[%clk 0:46:24]} Nb7 {[%clk 1:06:16]} 20. Bd2
{[%clk 0:44:12]} Rhc8 {[%clk 1:05:30]} 21. Rc1 {[%clk 0:43:31]} Ke6
{[%clk 1:03:03]} 22. g4 {[%clk 0:39:18]} h5 {[%clk 0:58:41]} 23. h3 hxg4
{[%clk 0:58:56]} 24. hxg4 {[%clk 0:39:15]} Rh8 {[%clk 0:59:02]} 25. Be3
{[%clk 0:38:41]} Rh3 {[%clk 0:56:26]} 26. Rf1 {[%clk 0:38:57]} g6
{[%clk 0:54:55]} 27. Rd2 {[%clk 0:34:53]} Rc3 {[%clk 0:52:53]} 28. Rd3
{[%clk 0:33:31]} Rxd3 {[%clk 0:49:17]} 29. cxd3 {[%clk 0:33:58]} d5
{[%clk 0:49:43]} 30. Rf2 {[%clk 0:29:34]} d4 {[%clk 0:45:48]} 31. Bd2
{[%clk 0:28:55]} Nc5 {[%clk 0:41:01]} 32. Kc2 {[%clk 0:29:02]} Rh1
{[%clk 0:41:26]} 33. b4 {[%clk 0:20:12]} Na4 {[%clk 0:41:23]} 34. Bc1
{[%clk 0:20:32]} Nc3 {[%clk 0:35:42]} 35. a3 {[%clk 0:20:40]} Nd1
{[%clk 0:34:48]} 36. Re2 {[%clk 0:19:59]} Rf1 {[%clk 0:32:43]} 37. Bd2
{[%clk 0:20:03]} f6 {[%clk 0:32:26]} 38. g5 {[%clk 0:14:21]} f5 {[%clk 0:24:45]}
39. exf5+ {[%clk 0:14:37]} Kxf5 {[%clk 0:25:08]} 40. Re4 {[%clk 0:14:09]} Nf2
{[%clk 0:09:09]} 41. Rh4 {[%clk 0:13:01]} Ra1 {[%clk 0:08:17]} 42. Rh2
{[%clk 0:12:13]} Ra2+ {[%clk 0:07:55]} 43. Kc1 {[%clk 0:12:07]} Nxd3+
{[%clk 0:08:18]} 44. Kb1 {[%clk 0:12:20]} Rxa3 {[%clk 0:06:25]} 45. Kc2
{[%clk 0:12:28]} Nxb4+ {[%clk 0:04:40]} 0-1

[Event "Deltalift Open"]
[Site "Tylosand"]
[Date "2019.05.31"]
[Round "5.10"]
[White "Olund, Joar"]
[Black "Svensson, Mikael"]
[Result "1/2-1/2"]
[BlackElo "2136"]
[WhiteElo "2321"]
[LiveChessVersion "1.4.8"]

1. Nf3 {[%clk 1:30:58]} e6 {[%clk 1:30:49]} 2. g3 {[%clk 1:31:26]} f5
{[%clk 1:31:15]} 3. Bg2 {[%clk 1:31:48]} Nf6 {[%clk 1:31:37]} 4. O-O
{[%clk 1:32:16]} g6 {[%clk 1:31:50]} 5. d3 {[%clk 1:32:35]} Bg7 {[%clk 1:32:12]}
6. c4 {[%clk 1:32:00]} O-O {[%clk 1:32:34]} 7. Nc3 {[%clk 1:31:31]} d6
{[%clk 1:32:38]} 8. Rb1 {[%clk 1:30:50]} h6 {[%clk 1:18:24]} 9. b4
{[%clk 1:27:25]} e5 {[%clk 1:16:04]} 10. Nd5 {[%clk 1:21:24]} g5 {[%clk 1:11:39]}
11. Bb2 {[%clk 1:19:05]} Nbd7 {[%clk 1:02:37]} 12. Nd2 {[%clk 1:17:31]} Nh7
{[%clk 0:46:07]} 13. b5 {[%clk 1:14:01]} Nc5 {[%clk 0:45:38]} 14. Nb3
{[%clk 1:13:39]} Ne6 {[%clk 0:44:54]} 15. Qc2 {[%clk 1:11:17]} Bd7
{[%clk 0:41:04]} 16. Nb4 {[%clk 0:37:23]} Rb8 {[%clk 0:40:45]} 17. a4
{[%clk 0:37:18]} Qe7 {[%clk 0:35:38]} 18. Rbc1 {[%clk 0:35:05]} Be8
{[%clk 0:18:50]} 19. c5 {[%clk 0:34:10]} Bh5 {[%clk 0:18:43]} 20. Rfe1
{[%clk 0:26:20]} f4 {[%clk 0:18:36]} 21. cxd6 {[%clk 0:25:30]} cxd6
{[%clk 0:18:35]} 22. Nd2 {[%clk 0:24:34]} Nf6 {[%clk 0:15:35]} 23. Nd5
{[%clk 0:20:41]} Nxd5 {[%clk 0:14:38]} 24. Bxd5 {[%clk 0:21:09]} Kh8
{[%clk 0:14:24]} 25. Qc4 {[%clk 0:19:14]} Nc5 {[%clk 0:12:35]} 26. d4
{[%clk 0:14:11]} Nd7 {[%clk 0:12:30]} 27. Be6 {[%clk 0:12:50]} Nb6
{[%clk 0:12:02]} 28. Qb3 {[%clk 0:12:34]} Nxa4 {[%clk 0:11:40]} 29. Qxa4
{[%clk 0:12:21]} Qxe6 {[%clk 0:12:05]} 30. dxe5 {[%clk 0:11:37]} dxe5
{[%clk 0:10:58]} 31. Qxa7 {[%clk 0:11:55]} Qd5 {[%clk 0:09:59]} 32. Nf3
{[%clk 0:11:09]} Qxb5 {[%clk 0:08:52]} 33. Ba1 {[%clk 0:11:20]} Ra8
{[%clk 0:07:36]} 34. Qc5 {[%clk 0:10:49]} Qxc5 {[%clk 0:08:02]} 35. Rxc5
{[%clk 0:11:05]} Rxa1 {[%clk 0:05:44]} 36. Rxa1 {[%clk 0:11:28]} e4
{[%clk 0:05:52]} 37. Ne5 {[%clk 0:11:29]} Re8 {[%clk 0:06:14]} 38. gxf4
{[%clk 0:10:17]} gxf4 {[%clk 0:06:31]} 39. Nc4 {[%clk 0:03:50]} Bxa1
{[%clk 0:06:27]} 40. Rxh5 {[%clk 0:03:47]} f3 {[%clk 0:04:14]} 41. exf3
{[%clk 0:03:18]} exf3 {[%clk 0:04:17]} 42. h4 {[%clk 0:03:30]} Rg8+
{[%clk 0:18:12]} 43. Kh1 {[%clk 0:32:55]} Bd4 {[%clk 0:16:29]} 44. Nd2
{[%clk 0:29:12]} Bxf2 {[%clk 0:14:43]} 45. Rxh6+ {[%clk 0:25:18]} Kg7
{[%clk 0:15:04]} 46. Rd6 {[%clk 0:25:35]} Bxh4 {[%clk 0:09:24]} 47. Nxf3
{[%clk 0:24:50]} Rh8 {[%clk 0:07:39]} 48. Kg2 {[%clk 0:24:11]} b5
{[%clk 0:06:58]} 1/2-1/2

[Event "Deltalift Open"]
[Site "Tylosand"]
[Date "2019.05.31"]
[Round "5.11"]
[White "Cramling Bellon, Anna"]
[Black "Lindgren, Fredrik"]
[Result "1/2-1/2"]
[BlackElo "2278"]
[WhiteElo "1990"]
[LiveChessVersion "1.4.8"]

1. d4 {[%clk 1:30:56]} Nf6 {[%clk 1:30:42]} 2. c4 {[%clk 1:31:20]} c5
{[%clk 1:30:30]} 3. d5 {[%clk 1:31:46]} a6 {[%clk 1:30:36]} 4. e3
{[%clk 1:20:57]} e6 {[%clk 1:30:40]} 5. dxe6 {[%clk 1:16:21]} fxe6
{[%clk 1:30:52]} 6. Nc3 {[%clk 1:09:43]} d5 {[%clk 1:25:30]} 7. Nf3
{[%clk 1:09:29]} Nc6 {[%clk 1:25:23]} 8. Bd3 {[%clk 1:08:41]} Bd6
{[%clk 1:23:01]} 9. O-O {[%clk 1:07:31]} Bc7 {[%clk 1:21:36]} 10. cxd5
{[%clk 1:00:19]} exd5 {[%clk 1:21:41]} 11. e4 {[%clk 1:00:36]} c4
{[%clk 0:46:48]} 12. exd5 {[%clk 0:56:01]} cxd3 {[%clk 0:46:40]} 13. dxc6
{[%clk 0:56:20]} bxc6 {[%clk 0:45:54]} 14. Re1+ {[%clk 0:49:50]} Kf8
{[%clk 0:46:09]} 15. Ne5 {[%clk 0:31:22]} Qd4 {[%clk 0:32:10]} 16. Nxd3
{[%clk 0:21:30]} Bg4 {[%clk 0:03:55]} 17. Nf4 {[%clk 0:08:41]} Qc4
{[%clk 0:02:28]} 18. Qb3 {[%clk 0:08:45]} Qxb3 {[%clk 0:02:21]} 19. axb3
{[%clk 0:09:12]} Kf7 {[%clk 0:02:46]} 20. Nd3 {[%clk 0:05:44]} Rhb8
{[%clk 0:02:03]} 21. Nc5 {[%clk 0:04:20]} Bd6 {[%clk 0:02:22]} 22. N3e4
{[%clk 0:03:11]} Nxe4 {[%clk 0:02:44]} 23. Nxe4 {[%clk 0:03:38]} Be7
{[%clk 0:02:44]} 24. Bd2 {[%clk 0:00:35]} Rxb3 {[%clk 0:02:22]} 25. Bc3
{[%clk 0:01:02]} Rb5 {[%clk 0:01:19]} 26. h3 {[%clk 0:01:26]} Be6
{[%clk 0:01:25]} 27. Ra4 {[%clk 0:00:36]} Bd5 {[%clk 0:01:37]} 28. Nd2
{[%clk 0:00:45]} Bf6 {[%clk 0:01:44]} 29. Rf4 {[%clk 0:00:42]} Re8
{[%clk 0:00:49]} 30. Rxe8 {[%clk 0:00:48]} Kxe8 {[%clk 0:01:17]} 31. Nc4
{[%clk 0:00:36]} Ke7 {[%clk 0:00:41]} 32. Ne3 {[%clk 0:00:36]} Be6
{[%clk 0:00:41]} 33. Bxf6+ {[%clk 0:00:36]} gxf6 {[%clk 0:01:08]} 34. b4
{[%clk 0:00:46]} h5 {[%clk 0:00:46]} 35. Nc2 {[%clk 0:00:48]} Rf5
{[%clk 0:00:33]} 36. Re4 {[%clk 0:00:38]} Re5 {[%clk 0:00:47]} 37. Rf4
{[%clk 0:00:41]} Re2 {[%clk 0:00:33]} 38. Nd4 {[%clk 0:00:56]} Re1+
{[%clk 0:00:58]} 39. Kh2 {[%clk 0:01:18]} Bd5 {[%clk 0:00:49]} 40. Nf5+
{[%clk 0:00:53]} Kf7 {[%clk 0:00:50]} 41. Ne3 {[%clk 0:27:37]} Be6
{[%clk 0:26:31]} 42. Kg3 {[%clk 0:18:28]} Rc1 {[%clk 0:26:37]} 43. Kh4
{[%clk 0:17:54]} c5 {[%clk 0:26:57]} 44. Kxh5 {[%clk 0:15:33]} c4
{[%clk 0:27:01]} 45. Ng4 {[%clk 0:14:48]} Kg7 {[%clk 0:21:40]} 46. Nxf6
{[%clk 0:06:22]} Bf7+ {[%clk 0:21:36]} 47. Kg5 {[%clk 0:05:01]} c3
{[%clk 0:21:56]} 48. Ng4 {[%clk 0:02:58]} Rg1 {[%clk 0:04:23]} 49. Ne3
{[%clk 0:03:27]} Rxg2+ {[%clk 0:04:40]} 50. Kh4 {[%clk 0:01:48]} Rh2
{[%clk 0:01:39]} 51. Kg3 {[%clk 0:00:43]} Rh1 {[%clk 0:02:03]} 52. Kg2
{[%clk 0:00:37]} Rb1 {[%clk 0:01:50]} 53. Rd4 {[%clk 0:00:50]} Rb2
{[%clk 0:01:01]} 54. Rd6 {[%clk 0:01:06]} Rxb4 {[%clk 0:00:33]} 55. Rxa6
{[%clk 0:01:24]} Re4 {[%clk 0:00:37]} 56. Ra3 {[%clk 0:01:07]} c2
{[%clk 0:00:35]} 57. Nxc2 {[%clk 0:01:28]} Bd5 {[%clk 0:00:56]} 58. Kg3
{[%clk 0:01:31]} Re6 {[%clk 0:00:35]} 59. Ra7+ {[%clk 0:01:20]} Kh6
{[%clk 0:00:50]} 60. Ne3 {[%clk 0:01:40]} Be4 {[%clk 0:01:01]} 61. Ng4+
{[%clk 0:01:45]} Kg6 {[%clk 0:01:29]} 62. Ra5 {[%clk 0:00:49]} Bf5
{[%clk 0:00:51]} 63. Ne3 {[%clk 0:00:51]} Be4 {[%clk 0:01:12]} 64. Ng2
{[%clk 0:00:39]} Bxg2 {[%clk 0:00:50]} 65. Kxg2 {[%clk 0:01:06]} Rb6
{[%clk 0:00:46]} 66. Kg3 {[%clk 0:01:15]} Rc6 {[%clk 0:00:46]} 67. f4
{[%clk 0:00:58]} Rb6 {[%clk 0:01:08]} 68. Kg4 {[%clk 0:01:19]} Rc6
{[%clk 0:01:13]} 69. h4 {[%clk 0:00:49]} Rb6 {[%clk 0:01:25]} 70. Rg5+
{[%clk 0:00:48]} Kh6 {[%clk 0:01:36]} 71. h5 {[%clk 0:00:52]} Ra6
{[%clk 0:01:23]} 72. Re5 {[%clk 0:01:03]} Rb6 {[%clk 0:01:37]} 73. Re8
{[%clk 0:00:38]} Ra6 {[%clk 0:01:55]} 74. Rh8+ {[%clk 0:00:57]} Kg7
{[%clk 0:02:22]} 75. Re8 {[%clk 0:01:00]} Kh6 {[%clk 0:02:47]} 76. Kf5
{[%clk 0:01:12]} Ra4 {[%clk 0:00:32]} 77. Re7 {[%clk 0:00:55]} Rb4
{[%clk 0:00:39]} 78. Re1 {[%clk 0:00:48]} Rb8 {[%clk 0:00:56]} 79. Re5
{[%clk 0:00:33]} Kxh5 {[%clk 0:00:36]} 80. Ke6+ {[%clk 0:00:34]} Kg6
{[%clk 0:00:49]} 81. f5+ {[%clk 0:00:56]} Kg7 {[%clk 0:01:10]} 82. f6+
{[%clk 0:01:01]} Kf8 {[%clk 0:01:31]} 83. Rd5 {[%clk 0:00:45]} Re8+
{[%clk 0:01:24]} 84. Kf5 {[%clk 0:01:07]} Re1 {[%clk 0:01:39]} 85. Rd6
{[%clk 0:00:55]} Rf1+ {[%clk 0:01:40]} 86. Ke6 {[%clk 0:01:07]} Re1+
{[%clk 0:01:56]} 87. Kd7 {[%clk 0:01:08]} Kf7 {[%clk 0:02:07]} 88. Kd8
{[%clk 0:01:13]} Re6 {[%clk 0:02:13]} 89. Rxe6 {[%clk 0:01:25]} 1/2-1/2